2025年4月中国iPhone平台收入>$2M的手游 - Statistics

General Stats
  • This quiz has been taken 30 times
  • The average score is 11 of 57
Answer Stats
品类排名 游戏应用名称 开发商 预估收入 % Correct
冒险3 原神 米哈游 3612973
93%
动作1 王者荣耀 腾讯 56664697
90%
动作2 和平精英 腾讯 54190816
77%
冒险1 第五人格 网易 13287418
67%
卡牌4 明日方舟 上海鹰角 3244681
63%
RPG2 崩坏:星穹铁道 米哈游 13670835
53%
动作7 QQ飞车 腾讯 5558316
50%
策略7 三国杀 杭州游卡 3794601
47%
卡牌1 金铲铲之战 腾讯 27381027
40%
动作6 英雄联盟手游 腾讯 10974108
40%
桌面2 腾讯欢乐斗地主 腾讯 6260551
37%
动作9 绝区零 米哈游 2893980
37%
休闲1 开心消消乐 乐元素 8290499
33%
家庭1 蛋仔派对 网易 6209524
33%
动作5 三角洲行动 腾讯 14201268
30%
RPG7 鸣潮 库洛 3277333
30%
动作3 梦幻西游 网易 21207493
27%
动作4 火影忍者 腾讯 15078600
27%
模拟2 恋与深空 叠纸 15019112
23%
策略1 穿越火线 腾讯 16040142
20%
RPG1 地下城与勇士:起源 腾讯 40257823
17%
RPG3 逆水寒 网易 5316784
17%
竞速1 元梦之星 腾讯 2706511
17%
模拟1 无尽冬日 上海青笛 40827405
13%
体育1 美职篮全明星 腾讯 12527641
13%
模拟4 三国志·战略版 灵犀互娱 7600215
13%
卡牌2 途游斗地主 途游 4789072
13%
家庭2 光·遇 网易 3886667
13%
音乐1 QQ炫舞手游 腾讯 4802564
13%
策略2 三国:谋定天下 biilbili 12830366
10%
策略5 率土之滨 网易 5348585
10%
RPG8 大话西游 网易 3275047
10%
动作10 永劫无间 网易 2283677
10%
桌面1 JJ斗地主 JJWorld 6589670
10%
RPG4 燕云十六声 网易 4825042
7%
动作8 部落冲突 腾讯 3988449
7%
策略3 向僵尸开炮 海南盛昌 12574212
3%
卡牌3 咸鱼之王 疯狂游戏 4390602
3%
体育2 FC足球世界 腾讯 3615560
3%
冒险2 英雄没有闪 安徽盈趣 11191824
0%
模拟3 捕鱼大作战 途游 10661116
0%
策略4 幻唐志:逍遥外传 广州多益 5678392
0%
娱乐场1 捕鱼大咖 游酷盛世 4259432
0%
RPG5 龙之谷世界 数龙 4178380
0%
策略6 龙息:神寂 腾讯 4065354
0%
娱乐场2 途游休闲捕鱼 途游 3850421
0%
娱乐场3 鱼乐达人 游酷盛世 3670273
0%
RPG6 仙遇 海南云开 3669990
0%
桌面3 指尖四川麻将 深圳禅游 3524251
0%
休闲2 多乐够级 北京朋趣 3283805
0%
体育3 实况足球 网易 3233972
0%
休闲3 梦幻花园 北京唯我乐园 2946036
0%
RPG9 问道 雷霆游戏 2746907
0%
RPG10 倩女幽魂 网易 2703982
0%
模拟5 心动小镇 心动 2368512
0%
策略8 三国:冰河时代 EVISTA 2234925
0%
策略9 群星纪元 北京儒意景秀 2131799
0%
No matching quizzes found
Score Distribution
Percent of People with Each Score
Percentile by Number Answered
Your Score History
You have not taken this quiz